[Event "Belgrade tt Cup"]
[Site "Belgrade"]
[Date "2011.04.13"]
[Round "1"]
[White "Markovic, Nikola S"]
[Black "Stojanovic, Sasa M"]
[Result "1/2-1/2"]
[WhiteElo "2113"]
[BlackElo "2049"]
[PlyCount "110"]
[EventDate "2011.04.13"]
[EventType "team-tourn"]
[EventRounds "5"]
[EventCountry "SRB"]
[SourceTitle "CBM 141 Extra"]
[Source "ChessBase"]
[SourceDate "2011.05.03"]
[SourceVersion "1"]
[SourceVersionDate "2011.05.03"]
[SourceQuality "1"]

1. d4 d6 2. Nf3 Nf6 3. c4 g6 4. g3 Bg7 5. Bg2 0-0 6. 0-0 Nbd7 7. Nc3 e5 8. e4 c6 9. h3 Qa5 10. Re1 a6 11. Rb1 b5 12. b4 Qd8 13. Be3 Bb7 14. Qc2 Re8 15. Red1 Qe7 16. c5 dxc5 17. dxc5 a5 18. a3 axb4 19. axb4 Nf8 20. Rd3 Qc7 21. Rbd1 Bc8 22. Rd6 Nh5 23. Ne2 Be6 24. Nc3 Ra3 25. Qd2 h6 26. Nb1 Ra2 27. Qc1 g5 28. Bxg5 hxg5 29. Qxg5 Nf6 30. Nxe5 Bb3 31. Re1 N6h7 32. Qe3 Bxe5 33. Qxb3 Rea8 34. Rd2 Ra1 35. Red1 Qe7 36. f4 Bc7 37. e5 R1a6 38. Qf3 Kh8 39. Nc3 f6 40. exf6 Nxf6 41. Ne4 Nd5 42. Ng5 Qe3+ 43. Qxe3 Nxe3 44. Rf1 Ra1 45. Rxa1 Rxa1+ 46. Kf2 Nxg2 47. Kxg2 Rb1 48. Rd4 Rb3 49. Nf7+ Kg7 50. Ne5 Bxe5 51. fxe5 Kf7 52. Rd6 Rxb4 53. Rxc6 Ne6 54. h4 Rb2+ 55. Kf1 b4 1/2-1/2

[Event "SRB-chT quality"]
[Site "Belgrade"]
[Date "2010.10.28"]
[Round "8"]
[White "Cukic, Goran"]
[Black "Markovic, Nikola S"]
[Result "1/2-1/2"]
[WhiteElo "1891"]
[BlackElo "2098"]
[PlyCount "47"]
[EventDate "2010.10.09"]
[EventType "team-tourn"]
[EventRounds "11"]
[EventCountry "YUG"]
[SourceTitle "EXT 2011"]
[Source "ChessBase"]
[SourceDate "2010.11.26"]
[SourceVersion "1"]
[SourceVersionDate "2010.11.26"]
[SourceQuality "1"]

1. e4 c5 2. c3 g6 3. d4 cxd4 4. cxd4 d5 5. e5 Nc6 6. Nc3 Nh6 7. Bb5 Bd7 8. Nge2 a6 9. Bxc6 bxc6 10. 0-0 Bg7 11. Na4 0-0 12. b3 f6 13. f4 Bg4 14. Bb2 Nf5 15. Qd3 fxe5 16. fxe5 Bh6 17. Nf4 Ng7 18. Qg3 Bf5 19. Qh4 Bxf4 20. Qxf4 Ne6 21. Qe3 Qc7 22. Ba3 Be4 23. Bc5 Rxf1+ 24. Rxf1 1/2-1/2

[Event "SRB-chT"]
[Site "Belgrade"]
[Date "2010.10.11"]
[Round "11"]
[White "Markovic, Nikola S"]
[Black "Nikolic, Marko"]
[Result "1-0"]
[WhiteElo "2098"]
[BlackElo "2044"]
[PlyCount "41"]
[EventDate "2010.10.01"]
[EventType "team-tourn"]
[EventRounds "11"]
[EventCountry "YUG"]
[SourceTitle "CBM 138 Extra"]
[Source "ChessBase"]
[SourceDate "2010.10.29"]
[SourceVersion "1"]
[SourceVersionDate "2010.10.29"]
[SourceQuality "1"]

1. d4 Nf6 2. c4 g6 3. Nf3 Bg7 4. g3 d5 5. cxd5 Nxd5 6. Bg2 0-0 7. 0-0 Bg4 8. h3 Bf5 9. Re1 Bc8 10. e4 Nb6 11. Nc3 Nc6 12. d5 Ne5 13. Nxe5 Bxe5 14. Qc2 e6 15. Bh6 Re8 16. Rad1 exd5 17. Nxd5 Nxd5 18. Rxd5 Qf6 19. f4 Qb6+ 20. Kh2 Qxb2 21. Rxe5 1-0

[Event "Belgrade tt Cup"]
[Site "Belgrade"]
[Date "2010.04.17"]
[Round "4.1"]
[White "Markovic, Nikola S"]
[Black "Zmijanac, Dusko"]
[Result "0-1"]
[WhiteElo "2074"]
[BlackElo "2195"]
[PlyCount "55"]
[EventDate "2010.04.14"]
[EventType "team-tourn"]
[EventRounds "5"]
[EventCountry "SRB"]
[SourceTitle "EXT 2012"]
[Source "ChessBase"]
[SourceDate "2011.11.24"]
[SourceVersion "1"]
[SourceVersionDate "2011.11.24"]
[SourceQuality "1"]

1. d4 d5 2. c4 c6 3. Nc3 Nf6 4. e3 a6 5. Nf3 b5 6. c5 g6 7. Bd3 Bg7 8. 0-0 0-0 9. Re1 Bg4 10. Be2 Nbd7 11. Bd2 Qc7 12. b4 a5 13. bxa5 Rxa5 14. a4 bxa4 15. Rxa4 Rfa8 16. Rxa5 Rxa5 17. h3 Bxf3 18. Bxf3 e5 19. Qb3 Qa7 20. Rb1 Ra1 21. Rxa1 Qxa1+ 22. Kh2 Qf1 23. Nd1 e4 24. Bg4 Nxg4+ 25. hxg4 Nf6 26. Kg3 Nxg4 27. Kxg4 Qxg2+ 28. Kf4 0-1

[Event "Belgrade tt Cup"]
[Site "Belgrade"]
[Date "2010.04.16"]
[Round "3.1"]
[White "Markovic, Nikola S"]
[Black "Markovic, Milan"]
[Result "1-0"]
[WhiteElo "2074"]
[BlackElo "2287"]
[PlyCount "75"]
[EventDate "2010.04.14"]
[EventType "team-tourn"]
[EventRounds "5"]
[EventCountry "SRB"]
[SourceTitle "EXT 2012"]
[Source "ChessBase"]
[SourceDate "2011.11.24"]
[SourceVersion "1"]
[SourceVersionDate "2011.11.24"]
[SourceQuality "1"]

1. d4 Nf6 2. c4 c5 3. d5 b5 4. cxb5 a6 5. e3 g6 6. Nc3 Bg7 7. a4 0-0 8. Nf3 Bb7 9. Ra3 e6 10. dxe6 fxe6 11. Qd6 Qc8 12. Be2 Ne8 13. Qg3 d5 14. 0-0 axb5 15. Nxb5 Nd7 16. Ng5 Ndf6 17. Qh3 Ra6 18. Bg4 Nc7 19. Nxc7 Qxc7 20. Nxe6 Rxe6 21. Bxe6+ Kh8 22. f3 Re8 23. f4 Ne4 24. Rd1 d4 25. exd4 cxd4 26. f5 g5 27. Qh5 Qc6 28. Bd5 Qxd5 29. Qxe8+ Qg8 30. Qxg8+ Kxg8 31. Rad3 Bc8 32. Rxd4 Bxf5 33. Rd8+ Kf7 34. R8d7+ Kf6 35. Rxg7 Kxg7 36. a5 Bc8 37. Re1 Nc5 38. Re7+ 1-0

[Event "Belgrade tt Cup"]
[Site "Belgrade"]
[Date "2010.04.15"]
[Round "2.1"]
[White "Damjanovic, Dragan"]
[Black "Markovic, Nikola S"]
[Result "1/2-1/2"]
[WhiteElo "2273"]
[BlackElo "2074"]
[PlyCount "60"]
[EventDate "2010.04.14"]
[EventType "team-tourn"]
[EventRounds "5"]
[EventCountry "SRB"]
[SourceTitle "EXT 2012"]
[Source "ChessBase"]
[SourceDate "2011.11.24"]
[SourceVersion "1"]
[SourceVersionDate "2011.11.24"]
[SourceQuality "1"]

1. d4 d5 2. c4 c6 3. Nf3 Nf6 4. Nc3 dxc4 5. a4 Bg4 6. Ne5 Bh5 7. f3 Nfd7 8. Nxc4 e5 9. Ne4 Bb4+ 10. Bd2 Qe7 11. Bxb4 Qxb4+ 12. Qd2 Qxd2+ 13. Kxd2 exd4 14. Ned6+ Kd8 15. Nxb7+ Kc7 16. Nba5 Na6 17. e4 dxe3+ 18. Nxe3 Nb4 19. Bc4 Rhe8 20. Rhe1 Nb6 21. Kc3 Nxc4 22. Naxc4 c5 23. Red1 Rad8 24. Rxd8 Rxd8 25. Rd1 Rxd1 26. Nxd1 f6 27. Nde3 Be8 28. b3 Bg6 29. Nb2 Kc6 30. Kd2 Bf7 1/2-1/2

[Event "Belgrade tt Cup"]
[Site "Belgrade"]
[Date "2010.04.14"]
[Round "1.7"]
[White "Markovic, Nikola S"]
[Black "Dabovic, Vladimir"]
[Result "1-0"]
[WhiteElo "2074"]
[BlackElo "1954"]
[PlyCount "103"]
[EventDate "2010.04.14"]
[EventType "team-tourn"]
[EventRounds "5"]
[EventCountry "SRB"]
[SourceTitle "EXT 2012"]
[Source "ChessBase"]
[SourceDate "2011.11.24"]
[SourceVersion "1"]
[SourceVersionDate "2011.11.24"]
[SourceQuality "1"]

1. d4 Nf6 2. c4 d5 3. Nc3 e6 4. cxd5 exd5 5. Bg5 Be7 6. e3 0-0 7. Bd3 Re8 8. Qc2 h6 9. Bf4 a6 10. Nf3 Nc6 11. a3 Bd6 12. Bxd6 Qxd6 13. 0-0 Bg4 14. Nh4 Ne7 15. h3 Bd7 16. Rfc1 Rac8 17. b4 Nh5 18. Nf3 g5 19. Ne5 Nc6 20. Nxd7 Qxd7 21. Bf5 Qd6 22. Bxc8 Rxc8 23. Na4 Ng7 24. Nc5 Nd8 25. Qa4 c6 26. Qd1 Rc7 27. a4 Re7 28. Rab1 b6 29. Nxa6 f5 30. b5 cxb5 31. axb5 f4 32. exf4 Qxf4 33. Nb4 Rf7 34. Rb2 Qd6 35. Nc6 Nde6 36. Ne5 Rf8 37. Rc6 Qa3 38. Rb3 Qa4 39. Rb1 Qa2 40. Rc2 Qa4 41. Nf3 Nf4 42. Rc6 Qa2 43. Rxb6 Ne2+ 44. Kh2 Nc3 45. Qb3 Qxb1 46. Qxc3 Nf5 47. Qc6 Qe4 48. Qg6+ Kh8 49. Rb7 Ne7 50. Qxh6+ Kg8 51. Qxg5+ Ng6 52. Ne5 1-0

[Event "Belgrade-ch"]
[Site "Belgrade"]
[Date "2010.01.30"]
[Round "8"]
[White "Markovic, Nikola S"]
[Black "Carnic, Srdjan"]
[Result "0-1"]
[WhiteElo "2047"]
[BlackElo "2358"]
[PlyCount "94"]
[EventDate "2010.01.23"]
[EventType "swiss"]
[EventRounds "9"]
[EventCountry "YUG"]
[SourceTitle "CBM 134 Extra"]
[Source "ChessBase"]
[SourceDate "2010.03.03"]
[SourceVersion "1"]
[SourceVersionDate "2010.03.03"]
[SourceQuality "1"]

1. d4 Nf6 2. c4 e6 3. Nf3 b6 4. g3 Ba6 5. Qc2 c6 6. Bg2 d5 7. b3 Bb4+ 8. Nbd2 Ne4 9. 0-0 Nxd2 10. Bxd2 Bxd2 11. Nxd2 0-0 12. Rad1 f5 13. f3 Nd7 14. e4 f4 15. Bh3 Rf6 16. Rfe1 Rh6 17. Kg2 Nf8 18. exd5 exd5 19. c5 Ng6 20. Be6+ Kh8 21. cxb6 Qxb6 22. Qc3 Rf8 23. Bd7 Qc7 24. Bg4 Bc8 25. Bxc8 Qxc8 26. g4 Qd8 27. Nf1 Qh4 28. Kh1 Qh3 29. Rd2 Nh4 30. Rf2 Rg6 31. Qc5 Rg8 32. Nd2 h5 33. Qc2 hxg4 34. fxg4 Qxg4 35. Ref1 Rf8 36. Nf3 Nxf3 37. Rxf3 Rf5 38. Qf2 Kg8 39. h3 Qh5 40. Rg1 Rxg1+ 41. Kxg1 Qg6+ 42. Kf1 Rg5 43. a4 Qb1+ 44. Ke2 Qc2+ 45. Ke1 Qc1+ 46. Ke2 Rg1 47. Rd3 Qc2+ 0-1

[Event "Belgrade-ch"]
[Site "Belgrade"]
[Date "2010.01.23"]
[Round "1"]
[White "Markovic, Nikola S"]
[Black "Nestorovic, Dejan"]
[Result "0-1"]
[WhiteElo "2047"]
[BlackElo "2423"]
[PlyCount "48"]
[EventDate "2010.01.23"]
[EventType "swiss"]
[EventRounds "9"]
[EventCountry "YUG"]
[SourceTitle "CBM 134 Extra"]
[Source "ChessBase"]
[SourceDate "2010.03.03"]
[SourceVersion "1"]
[SourceVersionDate "2010.03.03"]
[SourceQuality "1"]

1. d4 Nf6 2. Nf3 e6 3. g3 c5 4. c4 cxd4 5. Nxd4 Qb6 6. Bg2 Bc5 7. e3 Nc6 8. Nb3 Be7 9. Nc3 Ne5 10. Qe2 d6 11. 0-0 Bd7 12. f4 Ng6 13. Nd4 Rc8 14. Bd2 0-0 15. b3 Rfe8 16. Kh1 Bf8 17. Nc2 d5 18. cxd5 Nxd5 19. Nxd5 exd5 20. Qd1 Ne7 21. Nd4 Nf5 22. Nxf5 Bxf5 23. Bxd5 Rcd8 24. e4 Rxd5 0-1

[Event "Belgrade Spring op"]
[Site "Belgrade"]
[Date "2009.03.22"]
[Round "2"]
[White "Markovic, Nikola S"]
[Black "Tomin, Ksenija"]
[Result "1/2-1/2"]
[WhiteElo "1946"]
[BlackElo "1742"]
[PlyCount "68"]
[EventDate "2009.03.21"]
[EventType "swiss"]
[EventRounds "9"]
[EventCountry "YUG"]
[SourceTitle "CBM 129 Extra"]
[Source "ChessBase"]
[SourceDate "2009.05.05"]
[SourceVersion "2"]
[SourceVersionDate "2009.05.20"]
[SourceQuality "1"]

1. d4 Nf6 2. Nf3 g6 3. c4 Bg7 4. g3 d6 5. Bg2 0-0 6. 0-0 Nc6 7. d5 Na5 8. Qa4 b6 9. Nd4 Bd7 10. Nc6 Nxc6 11. dxc6 Bf5 12. Nc3 Qc8 13. Re1 Bh3 14. Nd5 Nxd5 15. cxd5 Bxg2 16. Kxg2 e6 17. Qc4 e5 18. Rb1 f5 19. e3 Qd8 20. f4 exf4 21. exf4 Re8 22. Be3 Re4 23. Qc2 Qf8 24. Bf2 Rae8 25. Rxe4 Rxe4 26. Re1 Qf7 27. Qd2 Qe7 28. b3 Rxe1 29. Qxe1 Qxe1 30. Bxe1 Kf7 31. Kf3 Bd4 32. Bb4 Ke7 33. Be1 h5 34. Ke2 a6 1/2-1/2

[Event "Belgrade Spring op"]
[Site "Belgrade"]
[Date "2009.03.21"]
[Round "1"]
[White "Marinovic, Bozidar"]
[Black "Markovic, Nikola S"]
[Result "1-0"]
[WhiteElo "2395"]
[BlackElo "1946"]
[PlyCount "92"]
[EventDate "2009.03.21"]
[EventType "swiss"]
[EventRounds "9"]
[EventCountry "YUG"]
[SourceTitle "CBM 129 Extra"]
[Source "ChessBase"]
[SourceDate "2009.05.05"]
[SourceVersion "2"]
[SourceVersionDate "2009.05.20"]
[SourceQuality "1"]

1. e4 c5 2. Nf3 Nf6 3. d3 Nc6 4. g3 g6 5. Bg2 Bg7 6. 0-0 0-0 7. c3 e5 8. a3 d5 9. Qe2 d4 10. cxd4 Nxd4 11. Nxd4 Qxd4 12. Be3 Qd6 13. Nd2 Ng4 14. Nc4 Qe7 15. Bd2 b5 16. Na5 Be6 17. h3 Nf6 18. b4 Qd7 19. Kh2 cxb4 20. axb4 Rfd8 21. Ra3 Rac8 22. Be3 Bf8 23. Qb2 Ne8 24. Rd1 Rc7 25. Rc3 Rdc8 26. Rdc1 Rxc3 27. Rxc3 Rxc3 28. Qxc3 Qc7 29. Qxc7 Nxc7 30. Nc6 Na6 31. Nxa7 Nxb4 32. Nxb5 Nxd3 33. Bf1 Bc4 34. Nc3 Nb2 35. Kg2 f6 36. Bxc4+ Nxc4 37. Nd5 Nxe3+ 38. Nxe3 Bc5 39. Nc4 Kf7 40. Kf1 Ke6 41. Ke2 f5 42. f3 fxe4 43. fxe4 h5 44. Kf3 g5 45. g4 h4 46. Ke2 Bd4 1-0

[Event "Belgrade-ch"]
[Site "Belgrade"]
[Date "2009.01.30"]
[Round "7"]
[White "Milin, Dragan"]
[Black "Markovic, Nikola S"]
[Result "0-1"]
[WhiteElo "2127"]
[BlackElo "1946"]
[PlyCount "60"]
[EventDate "2009.01.24"]
[EventType "swiss"]
[EventRounds "9"]
[EventCountry "YUG"]
[SourceTitle "CBM 128 Extra"]
[Source "ChessBase"]
[SourceDate "2009.03.05"]
[SourceVersion "2"]
[SourceVersionDate "2009.03.25"]
[SourceQuality "1"]

1. e4 c5 2. b4 cxb4 3. Bb2 Nf6 4. e5 Nd5 5. c4 bxc3 6. Nxc3 Nxc3 7. Bxc3 d5 8. exd6 Qxd6 9. Rb1 Nc6 10. Nf3 b6 11. Bc4 Be6 12. Bb5 Bd7 13. 0-0 f6 14. Re1 e6 15. Nh4 Kd8 16. Ba6 Be7 17. Nf3 Rg8 18. Qc2 g6 19. Re3 Ke8 20. Rd3 Qc7 21. Re3 e5 22. Bc4 Bf5 23. Qb3 Rg7 24. Rbe1 Kf8 25. d4 exd4 26. Nxd4 Nxd4 27. Bxd4 Bc5 28. Bb5 Bd7 29. Qd5 Rd8 30. Bxf6 Bxe3 0-1

[Event "Belgrade-ch"]
[Site "Belgrade"]
[Date "2009.01.29"]
[Round "6"]
[White "Markovic, Nikola S"]
[Black "Kovacevic, Boris"]
[Result "1-0"]
[WhiteElo "1946"]
[BlackElo "1882"]
[PlyCount "43"]
[EventDate "2009.01.24"]
[EventType "swiss"]
[EventRounds "9"]
[EventCountry "YUG"]
[SourceTitle "CBM 128 Extra"]
[Source "ChessBase"]
[SourceDate "2009.03.05"]
[SourceVersion "2"]
[SourceVersionDate "2009.03.25"]
[SourceQuality "1"]

1. d4 Nf6 2. Bg5 Ne4 3. Bf4 d5 4. e3 c5 5. Bd3 Nc6 6. Bxe4 dxe4 7. d5 Nb4 8. Nc3 Qa5 9. a3 Na6 10. Qd2 Qb6 11. Rb1 Bf5 12. Nge2 Rd8 13. Ng3 Qg6 14. Qe2 h5 15. h4 e6 16. Qb5+ Rd7 17. Rd1 Be7 18. dxe6 Qxe6 19. Rxd7 Qxd7 20. Nxf5 Qxb5 21. Nxb5 Bf6 22. Nfd6+ 1-0

[Event "Belgrade-ch"]
[Site "Belgrade"]
[Date "2009.01.27"]
[Round "4"]
[White "Markovic, Nikola S"]
[Black "Ivanovic, Aleksandar"]
[Result "1-0"]
[WhiteElo "1946"]
[BlackElo "1624"]
[PlyCount "66"]
[EventDate "2009.01.24"]
[EventType "swiss"]
[EventRounds "9"]
[EventCountry "YUG"]
[SourceTitle "CBM 128 Extra"]
[Source "ChessBase"]
[SourceDate "2009.03.05"]
[SourceVersion "2"]
[SourceVersionDate "2009.03.25"]
[SourceQuality "1"]

1. d4 d5 2. c4 dxc4 3. Nf3 Bf5 4. Nc3 e6 5. e4 Bg4 6. Bxc4 Bxf3 7. gxf3 Nc6 8. Be3 Bb4 9. a3 Ba5 10. Qd2 Qf6 11. f4 0-0-0 12. 0-0-0 Nge7 13. f3 Rd7 14. Qf2 Ng6 15. e5 Qh4 16. Qxh4 Nxh4 17. d5 Nf5 18. Bf2 Bxc3 19. bxc3 Na5 20. Ba2 Re8 21. Rd2 g6 22. Rhd1 b6 23. Kc2 Ng7 24. c4 Red8 25. c5 exd5 26. Bxd5 Ne6 27. c6 Nxc6 28. Bxc6 Rxd2+ 29. Rxd2 Rxd2+ 30. Kxd2 Nxf4 31. Be8 Nh3 32. Bh4 g5 33. Bg3 c5 1-0

[Event "Belgrade-chT Quality"]
[Site "Belgrade"]
[Date "2008.11.12"]
[Round "11"]
[White "Markovic, Nikola S"]
[Black "Stamatovic, Aleksandar"]
[Result "0-1"]
[WhiteElo "1920"]
[BlackElo "2166"]
[PlyCount "60"]
[EventDate "2008.11.01"]
[EventType "team-swiss"]
[EventRounds "11"]
[EventCountry "YUG"]
[SourceTitle "CBM 127 Extra"]
[Source "ChessBase"]
[SourceDate "2009.01.08"]
[SourceVersion "2"]
[SourceVersionDate "2009.01.28"]
[SourceQuality "1"]

1. d4 Nf6 2. c4 e5 3. dxe5 Ng4 4. Nf3 Nc6 5. Nc3 Ngxe5 6. Nxe5 Nxe5 7. b3 Bb4 8. Bd2 0-0 9. g3 Re8 10. Ne4 Bxd2+ 11. Qxd2 f5 12. Qd5+ Kh8 13. Nd2 c6 14. Qd4 Qf6 15. Rd1 c5 16. Qc3 Qc6 17. Rg1 Qg6 18. Nf3 Ng4 19. h3 Nf6 20. Bg2 Ne4 21. Qd3 Qb6 22. Nd2 d5 23. cxd5 Nxf2 24. Qc3 Nxd1 25. Kxd1 c4 26. Rf1 cxb3 27. axb3 Bd7 28. Nc4 Qa6 29. g4 b5 30. Ne5 Qf6 0-1

[Event "Belgrade-chT Quality"]
[Site "Belgrade"]
[Date "2008.11.10"]
[Round "9"]
[White "Markovic, Nikola S"]
[Black "Jojic, Mihailo"]
[Result "1-0"]
[WhiteElo "1920"]
[BlackElo "2231"]
[PlyCount "45"]
[EventDate "2008.11.01"]
[EventType "team-swiss"]
[EventRounds "11"]
[EventCountry "YUG"]
[SourceTitle "CBM 127 Extra"]
[Source "ChessBase"]
[SourceDate "2009.01.08"]
[SourceVersion "2"]
[SourceVersionDate "2009.01.28"]
[SourceQuality "1"]

1. d4 e6 2. c4 c6 3. e4 f5 4. e5 d6 5. Nf3 Nd7 6. Ng5 Nb6 7. exd6 Bxd6 8. c5 Be7 9. cxb6 Bxg5 10. Qh5+ g6 11. Qxg5 Qxd4 12. bxa7 Rxa7 13. Bd2 e5 14. Bc3 Qd5 15. Na3 Ra4 16. Rd1 Qe6 17. Bc4 Qf6 18. Qxf6 Nxf6 19. Bxe5 Ke7 20. Bd6+ Ke8 21. 0-0 b5 22. Rfe1+ Ne4 23. Bb3 1-0

[Event "Belgrade op"]
[Site "Belgrade"]
[Date "2008.01.17"]
[Round "9"]
[White "Markovic, Nikola S"]
[Black "Mladenovic, Aleksandar"]
[Result "1-0"]
[WhiteElo "1913"]
[BlackElo "1619"]
[PlyCount "109"]
[EventDate "2008.01.10"]
[EventType "swiss"]
[EventRounds "9"]
[EventCountry "YUG"]
[SourceTitle "EXT 2010"]
[Source "ChessBase"]
[SourceDate "2010.11.25"]
[SourceVersion "1"]
[SourceVersionDate "2010.11.25"]
[SourceQuality "1"]

1. d4 d5 2. c4 e6 3. Nc3 Nf6 4. cxd5 exd5 5. Bg5 Be7 6. e3 h6 7. Bh4 0-0 8. Bd3 b6 9. Nf3 Bb7 10. Qc2 Nbd7 11. 0-0 c5 12. dxc5 bxc5 13. Rfd1 Rc8 14. Bf5 g5 15. Bg3 Ra8 16. Rac1 Nb6 17. Nb5 Bc8 18. Bd3 a6 19. Bc7 Qe8 20. Bxb6 axb5 21. Bxc5 Rxa2 22. Bxe7 Qxe7 23. Qb3 Ra4 24. Nd4 Bd7 25. Bxb5 Rb4 26. Qa3 Bxb5 27. Nf5 Qe4 28. f3 Qxf5 29. Qxb4 Bd7 30. Qd4 Bb5 31. Rc5 Be2 32. e4 Qf4 33. Rd2 Bc4 34. exd5 Qxd4+ 35. Rxd4 Bxd5 36. b4 Rb8 37. b5 Rb6 38. Rdxd5 Nxd5 39. Rxd5 Kg7 40. Kf2 Re6 41. Rd2 Kf6 42. Rc2 Ke7 43. Re2 Kd6 44. Rxe6+ fxe6 45. Ke3 Kc5 46. Ke4 Kxb5 47. Ke5 Kc4 48. Kxe6 Kd4 49. Kf5 Ke3 50. Kg4 Kf2 51. g3 Kg2 52. h4 gxh4 53. gxh4 h5+ 54. Kxh5 Kxf3 55. Kg5 1-0

[Event "Belgrade op"]
[Site "Belgrade"]
[Date "2008.01.16"]
[Round "8"]
[White "Bulatovic, Nikola"]
[Black "Markovic, Nikola S"]
[Result "1-0"]
[WhiteElo "2101"]
[BlackElo "1913"]
[PlyCount "71"]
[EventDate "2008.01.10"]
[EventType "swiss"]
[EventRounds "9"]
[EventCountry "YUG"]
[SourceTitle "EXT 2010"]
[Source "ChessBase"]
[SourceDate "2010.11.25"]
[SourceVersion "1"]
[SourceVersionDate "2010.11.25"]
[SourceQuality "1"]

1. e4 c5 2. Nf3 Nc6 3. c4 d6 4. Nc3 Nf6 5. d4 cxd4 6. Nxd4 g6 7. Be2 Bg7 8. Be3 a6 9. 0-0 0-0 10. b3 Qc7 11. f3 Bd7 12. Rc1 Rac8 13. Nd5 Qd8 14. Nc3 Qc7 15. Qd2 Rfe8 16. Nc2 Qb8 17. Rfd1 Rcd8 18. Bf1 Be6 19. Ne1 Nd7 20. Nd3 Nde5 21. Nf4 Bc8 22. Bb6 Rd7 23. Nfd5 Nd8 24. f4 Nec6 25. Be3 Ne6 26. g3 Rdd8 27. Qf2 Bd7 28. f5 Nf8 29. f6 Bxf6 30. Nxf6+ exf6 31. Nd5 Re6 32. Bb6 Rc8 33. Bh3 f5 34. exf5 Re5 35. fxg6 Rxd5 36. Qxf7+ 1-0

[Event "Belgrade op"]
[Site "Belgrade"]
[Date "2008.01.12"]
[Round "5"]
[White "Markovic, Nikola S"]
[Black "Sarenac, Ivan"]
[Result "0-1"]
[WhiteElo "1913"]
[BlackElo "2308"]
[PlyCount "100"]
[EventDate "2008.01.10"]
[EventType "swiss"]
[EventRounds "9"]
[EventCountry "YUG"]
[SourceTitle "EXT 2010"]
[Source "ChessBase"]
[SourceDate "2010.11.25"]
[SourceVersion "1"]
[SourceVersionDate "2010.11.25"]
[SourceQuality "1"]

1. d4 Nf6 2. c4 c5 3. d5 e6 4. Nc3 exd5 5. cxd5 Bd6 6. e4 0-0 7. Bd3 Bc7 8. Bg5 d6 9. f4 a6 10. a4 Re8 11. Nf3 Nbd7 12. 0-0 Nf8 13. Qc2 h6 14. Bh4 Ng6 15. Bg3 Nh5 16. Nd2 Nxg3 17. hxg3 Bd7 18. Rab1 Rb8 19. b4 cxb4 20. Rxb4 Bb6+ 21. Kh1 Bc5 22. Rb2 Qf6 23. Nf3 Ba7 24. Qd2 Rec8 25. Ne2 Bxa4 26. Rfb1 Rc7 27. Bxa6 Qe7 28. Bd3 Bd7 29. e5 Bc5 30. Bxg6 fxg6 31. e6 Be8 32. Ned4 Qf6 33. Nb5 Bxb5 34. Rxb5 b6 35. R5b2 Qf5 36. Nh2 Ra7 37. g4 Qf6 38. g5 Qf5 39. gxh6 gxh6 40. Qc2 Rf8 41. g3 Qxd5+ 42. Qg2 Qxe6 43. Re2 Qf7 44. Rbe1 Rfa8 45. Ng4 Kg7 46. Qh3 h5 47. Qh4 hxg4 48. Qxg4 Qd5+ 49. Re4 Rh8+ 50. Kg2 Ra2+ 0-1

[Event "Belgrade op"]
[Site "Belgrade"]
[Date "2008.01.12"]
[Round "4"]
[White "Mladenovic, Milos"]
[Black "Markovic, Nikola S"]
[Result "0-1"]
[WhiteElo "1861"]
[BlackElo "1913"]
[PlyCount "60"]
[EventDate "2008.01.10"]
[EventType "swiss"]
[EventRounds "9"]
[EventCountry "YUG"]
[SourceTitle "EXT 2010"]
[Source "ChessBase"]
[SourceDate "2010.11.25"]
[SourceVersion "1"]
[SourceVersionDate "2010.11.25"]
[SourceQuality "1"]

1. e4 e5 2. Nf3 Nc6 3. Bc4 Nf6 4. Ng5 d5 5. exd5 Nd4 6. c3 b5 7. Bf1 Nxd5 8. cxd4 Qxg5 9. Bxb5+ Kd8 10. 0-0 Bb7 11. Qf3 e4 12. Qxe4 Bd6 13. h4 Qh5 14. Be2 Qh6 15. d3 Bf4 16. Bxf4 Nxf4 17. Qe5 Re8 18. Qg5+ Qxg5 19. hxg5 Nxe2+ 20. Kh2 Nxd4 21. Nc3 Re7 22. Na4 Bd5 23. Nc3 c6 24. b4 Rb8 25. a3 Nc2 26. Nxd5 cxd5 27. Ra2 Nd4 28. Rc1 Rc8 29. Rxc8+ Kxc8 30. a4 Re2 0-1